000 00530nam a2200169 a 4500
001 000040892
005 20201002034445.0
008 130910s1997 xxua 000 0 eng d
020 _a0806518529
040 _aDO-SdBNP
_bspa
_cBNPHU
082 _axxxxx
_bxxxxx
100 1 _aArgyle, Carolyn
_967323
245 1 0 _aHow to Start and Run a Home Day-Care Business /
_cCarolyn Argyle ; ilustración Beth Lemcke.
260 _aCanada, :
_bCitadel,
_c1997.
300 _axiii, 178 p. :
_bil. ;
_c21 cm.
700 1 _aLemcke, Beth,
_eil.
_967324
999 _c40382
_d40382